[Event "FIDE World Cup"]
[Site "Khanty-Mansiysk"]
[Date "2011.08.29"]
[Round "1.2"]
[White "Jumabayev, Rinat"]
[Black "Fressinet, Laurent"]
[Result "0-1"]
[WhiteElo "2589"]
[BlackElo "2698"]
[Annotator "Marin,M"]
[PlyCount "134"]
[EventDate "2011.08.28"]
[EventType "k.o."]
[EventRounds "7"]
[EventCountry "RUS"]
[SourceTitle "CBM 145"]
[Source "ChessBase"]
[SourceDate "2011.11.11"]
[SourceVersion "1"]
[SourceVersionDate "2011.11.11"]
[SourceQuality "1"]

1. d4 d5 2. c4 c6 3. Nc3 Nf6 4. e3 g6 5. Nf3 Bg7 6. Be2 O-O 7. O-O a6 {A
flexible move, which does not discard Black's intentions yet. He may play ...
b5, or ...dxc4 followed by ...b5, or some other half-waiting move.} 8. Bd2 {
A normal developing move. The activity of the apparently modest bishop should
not be understimated. In certain cases, it may emerge into the play via b4 or
a5. In others, defending the c3- and b4-squares is just as important. However,
it may also happen that the bishop stands in the way of White's major pieces,
obstructing their natural pressure along the d-file. Or else, the bishop may
be simply hanging. The simple enumeration of these aspects conveys to one the
feeling of the huge complexity of the position.} dxc4 (8... b5 $6 {is a bit
premature and is precisely what White had prepared for with his previous move.}
9. cxd5 cxd5 10. b4 {Justified by the presence of the bishop on d2.} Ne4 11. a4
Nxc3 $6 ({This is a premature release of the tension, the same as} 11... Nxd2
$6 12. Qxd2 bxa4 13. Nxa4 $16) (11... bxa4 {may be the best chance to get a
reasonable position out of the opening.} 12. Nxa4 Nc6 13. Nc5 Rb8 14. Ra4 Rb6
15. Qc2 e5 $5) 12. Bxc3 bxa4 13. Rxa4 Bb7 14. Qa1 $16 {Potkin,V (2606)
-Amonatov,F (2643)/Ulan Ude 2009/CBM 132 (1-0, 43)}) ({Jumabayev had had a
previous game against} 8... Ne4 9. cxd5 Nxd2 $5 ({This looks like an
improvement over} 9... cxd5 10. Nxe4 dxe4 11. Ne5 Be6 12. a4 Nd7 13. Nc4 Qb8
14. Bb4 $14 {Narciso Dublan,M (2553)-Bergez,L (2371)/Barcelona 2009/CBM 131
Extra (1-0, 26)}) 10. Nxd2 cxd5 11. Qb3 e6 12. Rfc1 {White has a considerable
advance in development, but there are no obvious ways to make progress.
Black's position is solid and his bishop pair is useful in preventing the
invasion through the c-file.} Re8 13. Nf3 Nd7 14. Na4 Bf8 15. Qc2 {1/2
Jumabayev,R (2547)-Burmakin,V (2593)/St Petersburg 2010}) 9. Bxc4 Nbd7 {
Another flexible move.} (9... b5 $6 {has similar drawbacks as if played one
move earlier.} 10. Be2 Nbd7 11. b4 a5 12. a3 axb4 13. axb4 Rxa1 14. Qxa1 Re8 {
Bocharov,D (2607)-Vidit,S (2423)/St Petersburg 2009/CBM 132 Extra (1/2, 40)}
15. Rc1 $5 $14) (9... Bg4 {is interesting, though. If compared with the
variation 7...dxc4 8.Bxc4 Bg4 9.h3 Bxf3 10.Qxf3 Nbd7 11.Rd1 e5 12.d5 (12...
e4!?), the move ...a6 is not necessarily useful but the insertion of Bc1-d2
restricts White's possibilities at this stage of the game. At a later moment,
d4-d5 could be answered with ...Nb6, without fearing the discovered attack
d5xc6.} 10. h3 Bxf3 11. Qxf3 Nbd7 12. Rad1 {This looks like a logical
consequence of having developed the bishop.} ({Black is quite solid after} 12.
Rfd1 e5 13. Bb3 Qe7 14. Rac1 Rfe8 15. Na4 b5 16. Nc3 Rac8 17. Ne4 exd4 18.
Nxf6+ Qxf6 19. Qxf6 Bxf6 20. exd4 {1/2 Tomashevsky,E (2646)-Bu Xiangzhi (2710)/
Ningpo 2008/CBM 126}) 12... e5 13. Bc1 exd4 $6 {This justifies White's play
completely.} ({He should have fought against the activation of the c1-bishop
with} 13... Re8 {, for instance} 14. d5 e4 15. Qe2 Rc8) 14. exd4 Nb6 15. Bb3
Nbd5 16. Rfe1 $14 b5 $6 {Just creating weaknesses for nothing.} 17. Bg5 Qd7 18.
Re5 $16 {Farago,I (2525)-Murey,J (2495)/Graz 1996/EXT 98 (1-0, 77)}) 10. a4 ({
With the queenside structure undefined yet,} 10. b4 {is premature.} Ne8 11. Bb3
e5 12. Qc2 exd4 13. exd4 Nb6 14. Bg5 Nf6 $132 {Zueger,B (2448)-Kristjansson,S 
(2371)/Ohrid 2001/CBM 084 (1/2, 40)}) (10. e4 {is interesting and needs
detailed investigation.} b5 11. Bb3 Nb6 12. e5 Nfd5 13. Ne4 a5 14. a3 Nc4 (
14... a4 15. Ba2 Nc4 {as played in the Internet game Doettling,F (2542)-Bu
Xiangzhi (2645)/Internet Chess Club 2006/CBM 111 ext (1/2, 67) may be an
improvement.}) 15. Bxc4 bxc4 16. Nc5 Nb6 17. Qe2 Qd5 18. h3 Nd7 19. Na4 c5 20.
Nc3 Qb7 21. Qxc4 cxd4 22. Qxd4 Qxb2 23. Rfb1 $36 {Krasenkow,M (2585)-Conquest,
S (2560)/Rethymnon 2003 (1-0, 35)}) 10... c5 11. d5 {This offers Black active
play, but maintaining the tension does not look too promising for White either.
} (11. a5 b5 12. axb6 Nxb6 $11) (11. Qe2 cxd4 12. exd4 Nb6 13. Bb3 Nbd5 $11)
11... Nb6 $1 $146 {The start of a forcing line, leading to a harmonious
regrouping for Black.} ({The thematic transfer of the knight to d6 is a bit
too slow:} 11... Ne8 12. e4 Nd6 13. Bd3 Rb8 14. Qe2 $14 {With his mobile pawn
centre, White has the upper hand already. Black's next moves are strategically
disastrous.} f6 $2 15. Rab1 a5 $2 $16 {Surprisingly, White lost in Krasenkow,M
(2647)-Zhang Zhong (2541)/Shenyang 1999/CBM 073 (0-1, 50)}) 12. Qb3 {Forced,
in order to defend the bishop and the d5-pawn. Once again, we can see a
drawback of having developed the bishop to d2 so soon.} Bg4 {This simple
developing move causes White more problems than it may seem to. Anticipating a
bit, this is the start of a truly glorious career for this bishop, supposedly
Black's main problem in the closed games.} 13. Ne5 {This seemingly active move
is one of the causes of White's later problems. Finding a good alternative is
not that easy, though.} (13. a5 $6 {leaves the bishop hanging after} Nxc4 14.
Qxc4 Bxf3 15. gxf3 e6 $15) ({I would consider} 13. Rfd1 {, although the
engines are sceptical:} Qd6 14. Be1 Nxc4 15. Qxc4 Bxf3 16. gxf3 {White has
maintained his space advantage and is ready to proceed with his queenside
attack based on a4-a5. Black needs to find a concrete way to take advantage of
the weakness of the white kingside.}) 13... Bf5 14. Rfd1 {Necessary, in order
to defend the bishop.} (14. a5 Nxc4 15. Qxc4 e6 $36) 14... Ne8 $1 {This
manoeuvre, which is familiar to us already, is connected with gain of time now.
} 15. f4 {Spoiling the flexibility of the centre.} ({However,} 15. Nf3 {
would be equivalent to admitting that the knight move to the centre was a mere
loss of time.} Nd6 16. Be2 c4 17. Qa2 Rc8 $132) 15... Nd6 (15... Nd7 $5 {
is more restrictive, preventing the relatively favourable knight retreat to c4.
There will be time for ...Nd6 later.} 16. Nxd7 Qxd7 $15 {[%cal Ge8d6]}) 16. Be2
Nd7 17. Nc4 (17. g4 Nxe5 18. fxe5 Bxe5 19. gxf5 e6 $40 20. fxe6 $2 Qh4 $19)
17... Nf6 $15 {Black's minor pieces are perfectly regrouped to keep the enemy
centre immobile. White's position lacks the needed harmony to take advantage
of his territorial superiority.} 18. Bf3 Bd3 {After a few introductory steps
along the initial diagonal, the bishop starts displaying overwhelming activity.
} 19. Ne5 c4 20. Qa3 Bc2 21. Rdc1 Bb3 22. Re1 Nf5 23. Qc5 Qd6 $1 {A typical
move for the Grünfeld Defence.} 24. Qxd6 exd6 {We have transposed to a Benoni
structure. I do not remember getting such a fabulous version of it during my
long years of practice with the Benoni, though.} 25. Ng4 Nd7 26. Nf2 Nc5 27. g4
Nh4 28. Bh1 f5 29. g5 {In principle, Black seems to be close to winning. He
has one important problem though: freeing his h4-knight.} Rae8 30. Re2 h6 31.
Nh3 Bc2 32. Kf2 Bd3 33. Ree1 Nb3 (33... Ne4+ 34. Nxe4 fxe4 $17 {would be the
simplest solution to bring the knight back into the game.}) 34. Rad1 Bc2 35.
Bc1 $2 ({Why not} 35. Rc1 {?}) 35... Bxd1 $17 36. Rxd1 Re7 37. Kg3 Nxc1 38.
Rxc1 Rxe3+ 39. Kxh4 Kf7 (39... hxg5+ $1 40. Nxg5 (40. fxg5 Kf7 $19) 40... Bf6
41. Nd1 Rd3 42. Nf2 Rd2 43. Kg3 b5 $17) 40. Nd1 Re1 41. Bf3 Rc8 42. Rc2 b5 43.
gxh6 Bxh6 44. Kg3 Kg8 45. Kf2 Re7 46. Ng5 $13 Bg7 47. Ne6 Bf6 48. Be2 Rh7 49.
Kg3 Rb7 50. Kf3 (50. axb5 axb5 51. h4 $5 $132) 50... bxa4 51. Bxc4 Rb4 52. Ne3
Rxb2 53. Rxb2 Bxb2 $19 54. Ke2 Bc1 55. Bxa6 Ra8 56. Bc4 Bxe3 57. Kxe3 a3 58.
Ba2 Rb8 59. Nd4 Rb2 60. Bc4 a2 61. Bxa2 Rxa2 62. Nb5 Ra6 63. h4 Kf7 64. Kd3 Ke7
65. Nd4 Ra3+ 66. Ke2 Rh3 67. Nf3 Rg3 0-1

[Event "FIDE World Cup"]
[Site "Khanty-Mansiysk"]
[Date "2011.09.07"]
[Round "4.2"]
[White "Nielsen, Peter Heine"]
[Black "Gashimov, Vugar"]
[Result "1-0"]
[WhiteElo "2681"]
[BlackElo "2760"]
[Annotator "Marin,M"]
[PlyCount "225"]
[EventDate "2011.08.28"]
[EventType "k.o."]
[EventRounds "7"]
[EventCountry "RUS"]
[SourceTitle "CBM 145"]
[Source "ChessBase"]
[SourceDate "2011.11.11"]
[SourceVersion "1"]
[SourceVersionDate "2011.11.11"]
[SourceQuality "1"]

1. d4 d5 2. c4 c6 3. Nc3 Nf6 4. e3 g6 5. Nf3 Bg7 6. Be2 ({The advantage of
this modest looking move over} 6. Bd3 {is that the latter allows a tabyia with
drawish tendencies, which White avoids in the game:} O-O 7. O-O Bg4 8. h3 Bxf3
9. Qxf3 dxc4 10. Bxc4 Nbd7 11. Rd1 e5 12. d5 e4 {Ever since the ladies'
Candidates quarter-final Muresan-Semenova 1983, Black has tried to prove that
this pawn sacrifice leads to a draw, but White has occasionally found new
resources to retain an advantage. The most recent example at a high level is
Ponomariov,R (2733)-Wang Yue (2752)/Medias 2010/CBM 137/[Rogozenco] (1/2, 63),
in which Black suffered quite a bit.}) 6... O-O 7. O-O dxc4 (7... Bg4 {can now
be answered with} 8. cxd5 $14) 8. Bxc4 Bg4 9. Be2 $5 ({Refraining from} 9. h3 {
, with a transposition to the aforementioned variation.}) 9... Qb6 $5 {
Gashimov's secret weapon for Khanty Mansyisk. Why does he deviate from the
natural course of development (first the minor pieces and then the queen) in
order to connect rooks?} ({The natural} 9... Nbd7 {allows White to get space
with} 10. e4 Bxf3 (10... Qb6 {fails to trouble White:} 11. Rb1 Bxf3 12. Bxf3 e5
13. d5 cxd5 14. exd5 {Having exposed the queen prematurely to Be3, Black has
problems blocking the d-pawn with one of his knights.} Qd6 {And the queen is
not such a great blocking piece.} 15. Be3 a6 16. g3 Rac8 17. Bg2 Rfd8 18. Qe2
b5 19. Rbc1 h6 20. Rfd1 Nb6 21. b3 $14 {Black seems to have a normal position,
but he cannot make progress easily. White has a strong passed pawn and can
slowly improve his position on either wing.} Nbd7 22. h4 Kh7 23. Rc2 Qb4 24.
Rdc1 Qg4 $6 25. Bf3 Qh3 26. h5 $1 $16 {Tomashevsky,E (2707)-Danin,A (2543)/
Olginka 2011/CBM 142 (1-0, 58). Surprisingly, White strikes on the wing where
he has a pawn less.}) 11. Bxf3 e5 12. d5 cxd5 13. exd5 $1 {White should not
refrain from creating a passed pawn.} ({The timid} 13. Nxd5 {offers Black
adequate counterplay after} Nc5 {Speelman,J (2595)-Hodgson,J (2565)/Dublin
1993/CBM 038/[Speelman,J] (1-0, 39)}) 13... Nb6 14. a4 Nc4 15. Qb3 Nd6 16. a5 {
Black has managed to transfer a knight to d6, but has not solved all his
problems. First of all, he cannot find an useful job for the other knight.
Secondly, White's space advantage on the queenside and in the centre have a
stable character. I find Korchnoi's play in the next phase of the game highly
instructive. Although he has always been regarded as an original and
enterprising player, he also was a believer in what I called in the Survey
"simple chess". Do not hand over to him the bishop pair and a passed pawn too
easily!} Qd7 17. Re1 {Inviting the e-pawn to define its intentions.} e4 {
This looks active, but exposes the pawn and weakens the d4-square.} 18. Be2 Qf5
19. Be3 Rfc8 20. Rad1 {Both sides have completed their development, but the
ulterior course of the game suggests that White has better prospects of
improving his position little by little.} Nfe8 21. g3 {A somewhat mysterious
move, consolidating the kingside and enabling the bishop's activation via h3
or g2.} Qd7 22. Bf1 Qd8 {Desperately looking for a target.} 23. Bd2 Qxa5 (23...
f5 {looks active, but weakens the e6-square.} 24. Rc1 Be5 25. Na4 $16 {With
the unpleasant threat Nc5-e6.}) 24. Bh3 $3 {One of the deepest moves I saw
while working on the present Theoretical Survey. Before taking on e4, White
faces his opponent with some problems of coordination.} ({The problem is that
after} 24. Nxe4 Qd8 {Black's position remains solid. For instance, winning a
pawn with} 25. Bf4 Nxe4 26. Rxe4 Nd6 $1 27. Bxd6 Qxd6 28. Qxb7 {leaves White
with little hope to win after, say,} a5) 24... Rd8 (24... f5 {once again
weakens the e-file.} 25. Nxe4 Qb5 26. Qxb5 Nxb5 27. Nc3 $36) (24... Rcb8 25.
Nxe4 Qd8 26. Nc5 $36 {[%cal Gc5d7]}) 25. Nxe4 {There is no queen retreat to d8
available anymore.} Qb5 (25... Qb6 26. Qxb6 axb6 27. Bg5 $36) 26. Qxb5 Nxb5 27.
Bg5 f6 (27... Rdb8 28. d6 $18) 28. Be6+ Kh8 29. Bf4 $16 {Kortschnoj,V (2600)
-Wirthensohn,H (2397)/Lenzerheide 2006/CBM 113 ext (1-0, 58)}) 10. Qc2 ({
The main idea of Gashimov's novelty is that it inhibits} 10. e4 {in view of}
Rd8 $1) 10... Nbd7 11. Rd1 Bxf3 12. Bxf3 e5 {So, Black has carried out the
thematic pawn break in a slightly different form.} 13. dxe5 $1 $146 {Played
simply.} ({Just a few days earlier, Gashimov had little trouble drawing after} 
13. Na4 Qc7 14. d5 e4 15. d6 Qd8 16. Bxe4 Nxe4 17. Qxe4 Re8 18. Qc2 Re6 19. Bd2
Rxd6 20. Bb4 Rxd1+ 21. Rxd1 Qe8 {1/2 Tomashevsky,E (2707)-Gashimov,V (2760)/
Khanty-Mansiysk 2011/ CBM 145}) (13. d5 {deserves attention. The final
evaluation of the following line, in the spirit of Semenova's sacrifice, is
far from clear:} e4 14. Bxe4 (14. Nxe4 Nxd5 {leaves the e4-knight misplaced.})
14... Nxe4 15. Nxe4 cxd5 16. Rxd5 {+/=/=}) 13... Nxe5 14. Be2 $14 {Without
doing anything special, White has obtained the bishop pair and a mobile
kingside majority. At first sight, Black seems to be fine, but in the long run
he will be doomed to passive defence, without any prospect of concrete
counterplay. If we compare with Alekseev-Ragger mentioned in the survey, the
bishop is less active than on d6, failing to put pressure on White's kingside.
As a Benoni specialist, Gashimov is used to the fact that exchanging one minor
piece (as, for instance, ...Bxf3) solves Black's problems, but this is a
different opening.} Rfe8 15. h3 h6 16. Bd2 Qc5 17. Rac1 Rad8 {Both sides have
completed their development, but only White's position gives the feeling of
being explosive.} 18. a3 $5 {Preparing the minority attack.} Ned7 {The
acceptance of reality: Black has no active plan at all. The knight had little
to do in the centre and was likely to make a general offensive based on f4 and
e4 easier.} (18... a5 $6 {only creates a target for the d2-bishop.} 19. Na4 $1
$16 {[%cal Gd2a5]}) (18... Qe7 19. b4 a6 20. Be1 $14) 19. b4 Qe7 20. a4 $5 ({
Nielsen probably thought that after} 20. Qb3 a6 21. a4 Nb6 22. b5 axb5 23. axb5
c5 $14 {the insertion of ...Nb6 and Qb3 slightly favours Black. This is true,
but the text move also has a minor drawback.}) 20... Qxb4 (20... a6 21. b5 $16)
21. Rb1 Qc5 22. Rxb7 Ne4 {This is it! The pin along the c-file allows Black to
exchange one of the enemy bishops. However, his weakened structure will leave
him strruggling despite (and, at some point especially because of) the
presence of opposite-coloured bishops.} 23. Rc1 Nxd2 24. Qxd2 Nb6 25. Qc2 Rd7
26. Rxd7 Nxd7 27. Qd2 Qe7 28. a5 $14 {White has the safer king's position and
the more compact structure. And, what is even worse for Black, he still does
not have counterplay!} Nc5 29. Qc2 Nb7 30. Qa4 Qc5 31. a6 Nd8 32. Na2 Qb6 33.
Qb4 Qc7 34. Nc3 Qe7 35. Qb3 h5 36. Bf3 Qc5 37. Ne2 Qd6 38. Rd1 Qc7 39. Nf4 Kh8
40. Qd3 Rf8 41. Qd7 Be5 42. Be2 Kg7 43. h4 Qb6 44. Bc4 Qb4 {For the time being,
the bishop helps Black keep his position together.} ({Moreover, after} 44...
Bxf4 45. exf4 $18 {followed by f4-f5, his king will get into deadly danger.})
45. Bf1 Qb6 46. Qe7 Bf6 47. Qe4 Qc7 48. Bc4 c5 $2 {The weakening of the
d5-square will have disastrous effects.} 49. Rd5 $18 Qc6 50. g3 Qa4 51. Kg2 Re8
$6 (51... Qc6) 52. Qd3 Ne6 (52... Re5 53. Rd7 $18) 53. Nxh5+ $1 gxh5 54. Bb5
Nf4+ 55. gxf4 Qe4+ 56. Qxe4 Rxe4 57. Rxc5 Bxh4 (57... Re7 58. Kg3 Kg6 59. Be2
$18) 58. Rxh5 $6 ({Missing} 58. Rc7 $1 Re7 59. Bd7 $18) 58... Bd8 59. Rd5 Bb6
60. Rd6 Re6 61. Rd7 $16 {White shoud win this, but doing it with a limited
amount of time is not easy.} Kf8 62. Rb7 Bc5 63. Rb8+ Kg7 64. Bc4 Re7 65. Kf3
Rc7 66. Bb3 Rd7 67. Ke4 Bd6 68. Rb5 Kf8 69. Kf5 Rc7 70. Rb8+ Ke7 71. Ra8 Bc5
72. Rh8 Rc6 73. Rh7 Rf6+ 74. Ke4 Bb4 75. Bc4 Be1 76. Kf3 Bd2 77. Rh8 Rc6 78.
Bb5 Rb6 79. Re8+ Kf6 80. Bc4 Rc6 81. Bd3 Ba5 82. e4 Bb6 83. e5+ Kg7 84. f5 f6
85. e6 Rc7 86. Rb8 Bc5 87. Be4 Bd6 88. Ra8 Bc5 89. Bd5 Be7 90. Ke4 Bf8 91. Bb7
Bc5 92. Kd5 Kh6 93. Bc6 Bxf2 94. Rg8 Be3 95. Rg6+ Kh7 96. Rxf6 Bg5 97. Rg6 Be7
98. Rg2 Rc8 99. Rb2 Rd8+ 100. Bd7 Rf8 101. Ke4 Kg7 102. Rg2+ Kh7 103. Ke5 Bb4
104. Rg3 Be7 105. Rg2 Bb4 106. Rc2 Be7 107. Rc7 Kh6 108. Bc6 Bd8 109. Rb7 Kg5
110. Rg7+ Kh6 111. Rxa7 Bf6+ 112. Ke4 Rc8 113. Rf7 1-0

[Event "Interzonal-14b"]
[Site "Szirak"]
[Date "1987.??.??"]
[Round "15"]
[White "Marin, Mihail"]
[Black "Flear, Glenn C"]
[Result "1-0"]
[WhiteElo "2475"]
[BlackElo "2480"]
[Annotator "Marin,M"]
[PlyCount "147"]
[EventDate "1987.07.??"]
[EventType "tourn"]
[EventRounds "17"]
[EventCountry "HUN"]
[EventCategory "12"]
[SourceTitle "CBM 003"]
[Source "ChessBase"]
[SourceDate "1988.04.01"]
[SourceVersion "1"]
[SourceVersionDate "1988.04.01"]
[SourceQuality "1"]

1. d4 d5 2. c4 c6 3. Nc3 Nf6 4. e3 g6 5. Nf3 Bg7 6. Bd3 (6. Be2) 6... O-O 7.
O-O Bg4 8. h3 Bxf3 9. Qxf3 dxc4 10. Bxc4 Nbd7 11. Rd1 e5 12. d5 e4 13. Nxe4
Nxe4 14. Qxe4 Nb6 15. Bb3 cxd5 16. Bxd5 Re8 17. Qf3 Nxd5 18. Rxd5 Qe7 19. Rb1
Rac8 20. b3 $5 (20. Bd2) 20... Rc2 21. a4 {/\ Bd2, Rd1+/-} Bc3 (21... Qb4 22.
Qd1) 22. Qd1 Qe4 23. Rd8 $1 (23. Qd3 $6 Qxd3 24. Rxd3 Be1 25. f3 Rec8 $44 {|^})
23... Rxd8 24. Qxd8+ Kg7 25. Ba3 $1 $16 Bb4 26. Bb2+ Bc3 27. Ba3 Bb4 28. Bxb4
Qxb4 29. Qd5 (29. Rd1 $5 Qxb3 30. Qd4+ Kg8 31. Qxa7 $16) 29... Re2 {/\ Re1} (
29... Rc5 30. Qd7 Rc3 31. Rd1) 30. Qe5+ f6 {<->a7-h7} (30... Kh6 31. Qf6 $18) (
30... Kg8 31. Qb8+ Kg7 32. Qxa7 Re1+ 33. Rxe1 Qxe1+ 34. Kh2 Qxf2 35. a5 {
/\ Qb7+-}) 31. Qd5 Rd2 (31... Re1+ 32. Rxe1 Qxe1+ 33. Kh2 Qb4 $16 (33... Qxf2
$6 34. Qxb7+ {/\ Qa7+-})) 32. Qe6 Re2 33. g3 h5 34. Rd1 Re1+ $8 35. Rxe1 Qxe1+
36. Kg2 Qb4 37. h4 b6 $2 (37... a5 $16 {_|_}) 38. Qd7+ Kh6 39. Qc8 Kg7 40. Qb7+
Kh6 41. Qa8 g5 $8 (41... Kg7 42. Qxa7+ $18) 42. Qh8+ Kg6 43. Qg8+ Kh6 44. Qe6
Kg7 45. hxg5 fxg5 46. Qf5 Qe7 (46... Qxb3 47. Qxg5+ Kf8 48. Qf4+ Kg7 49. Qc7+ {
/\ Qa7+-}) 47. e4 Qd8 48. Qe5+ Kg6 49. Qe6+ Kg7 50. Qd5 Qe7 51. e5 Qc7 52. b4
$5 Qe7 53. b5 Qc7 54. Qe4 Qe7 55. Kg1 Kh6 56. Kh2 Kg7 57. Kg2 Kh6 (57... g4 58.
Qf5 Kh6 59. e6 Qg7 (59... Qb7+ 60. f3) 60. f3 gxf3+ 61. Kxf3 {/\ Kg2-h3, Qf7+-}
) 58. f4 $18 gxf4 (58... g4 59. e6 (59. f5)) 59. gxf4 Qh4 60. e6 Qg4+ 61. Kf2
Qh4+ 62. Ke2 Qg4+ 63. Ke3 Qh3+ 64. Kd4 Qa3 65. Ke5 (65. Kd5 $4 Qc5#) 65... Qc5+
66. Qd5 Qe3+ 67. Kd6 Qxf4+ 68. Kd7 Qg4 69. Kc7 Qf4+ 70. Qd6 Qc4+ 71. Kd8 Qh4+
72. e7+ Kg7 73. Qe5+ Kf7 74. Qxh5+ $1 1-0